Villages in The Legend of Zelda: Breath of the Wild - Statistics

General Stats
  • This quiz has been taken 53 times
  • The average score is 6 of 9
Answer Stats
Answer % Correct
Hateno Village
89%
Goron City
82%
Zoras Domain
82%
Kakariko Village
79%
Rito Village
79%
Gerudo Town
76%
Lurelin Village
55%
Tarrey Town
34%
Korok Forest
32%
No matching quizzes found
Score Distribution
Percent of People with Each Score
Percentile by Number Answered
Your Score History
You have not taken this quiz